000 00548nam a2200181Ia 4500
008 220501s2020 xx 000 0 eng d
020 _a9789353948436
082 _a658.4032 MAT-B
100 _aMathew, Regi
245 0 _aBusiness analytics for decision making
_cRegi Mathew
260 _aNOIDA
_bPearson
_c2020
300 _axvi, 320p
650 _aBusiness intelligence
650 _aDecision making - Data processing
650 _aDecision making - Statistical methods
650 _aManagement - Statistical methods
942 _2ddc
_cREF
_06
999 _c18208
_d18208